Reklama v pohybe posilňuje

Na cestách sa začali pohybovať nové reklamné nosiče - vanboardy. Sú umiestneneé na skriňových nákladných automobiloch renomovaných značiek. Pohybujú sa len na Slovensku. V prípravnej fáze sú už kamióny - truckboardy, ktoré budú obdobou vanboardov na hranicami Slovenska.

Salvato in:
Dettagli Bibliografici
Natura: Capitolo di libro
Lingua:slovacco
Soggetti:
Tags: Aggiungi Tag
Nessun Tag, puoi essere il primo ad aggiungerne!!

MARC

LEADER 00000naa$a2200000$$$4500
001 0029523
005 20231107123252.9
041 0 |a slo 
044 |a SK 
245 1 0 |a Reklama v pohybe posilňuje 
520 |a Na cestách sa začali pohybovať nové reklamné nosiče - vanboardy. Sú umiestneneé na skriňových nákladných automobiloch renomovaných značiek. Pohybujú sa len na Slovensku. V prípravnej fáze sú už kamióny - truckboardy, ktoré budú obdobou vanboardov na hranicami Slovenska. 
610 2 0 |a reklama 
610 2 0 |a médiá 
610 2 0 |a automobily nákladné